Information Technology Security: Advice from Experts

Saved in:
Bibliographic Details
Main Author: Lawrence Oliva
Format: Book
Published: Cybertech
Tags: Add Tag
No Tags, Be the first to tag this record!

MARC

LEADER 00000nam a2200000Ia 4500
005 20260513122052.0
020 |a 9781591402473 
100 |a Lawrence Oliva 
365
365 |b 28.00 
942 |c BK 
245 |a Information Technology Security: Advice from Experts 
260 |b Cybertech 
999 |c 74  |d 74 
952 |0 0  |1 0  |4 0  |7 0  |a UNSW  |b UNSW  |d 2026-05-06  |g 39.95  |i 16686  |l 0  |p 000087  |r 2026-05-13 12:20:52  |v 39.95  |w 2026-05-13  |y BK